MANAGERIAL AND ORGANIZATIONAL COGNITION (Record no. 18035)

MARC details
000 -LEADER
fixed length control field 00338nam a2200133Ia 4500
008 - FIXED-LENGTH DATA ELEMENTS--GENERAL INFORMATION
fixed length control field 240624s9999 xx 000 0 und d
041 ## - LANGUAGE CODE
Language code of text/sound track or separate title eng
082 ## - DEWEY DECIMAL CLASSIFICATION NUMBER
Classification number 658.4 EDE
100 ## - MAIN ENTRY--PERSONAL NAME
Personal name EDEN COLIN
245 ## - TITLE STATEMENT
Title MANAGERIAL AND ORGANIZATIONAL COGNITION
260 ## - PUBLICATION, DISTRIBUTION, ETC.
Date of publication, distribution, etc. 1998
Place of publication, distribution, etc. London
Name of publisher, distributor, etc. Sage Publications Ltd
300 ## - PHYSICAL DESCRIPTION
Extent 272 : p.
365 ## - TRADE PRICE
Currency code BPS
Price amount 25
Holdings
Withdrawn status Lost status Damaged status Not for loan Home library Current library Shelving location Date acquired Source of acquisition Cost, normal purchase price Full call number Barcode Date last seen Copy number Price effective from Koha item type
        IMTN IMTN Rack 27-A 09/28/2011 NBH 24.99 658.4 EDE 18035 06/24/2024 78.3 06/24/2024 Books
Designed & Maintained by: LRC IMT Nagpur Contact: lrc@imtnag.ac.in© 2024. All Rights Reserved.